Knots and splices

Sparad:
Bibliografiska uppgifter
Huvudupphovsman: Day, Cyrus L (Författare, medförfattare)
Materialtyp: Bok
Språk:engelska
Publicerad: Camden International Marine 1953
Ämnen:
Taggar: Lägg till en tagg
Inga taggar, Lägg till första taggen!

MARC

LEADER 00000nam a2200000 a 4500
001 UCN9657
003 CL-VaPUC
008 011221e19530000us |||||||||||||||||eng|d
082 0 4 |a 623.8882  |b DAY  |2 21 
100 0 |a Day, Cyrus L  |e author  |9 466228 
245 1 0 |a Knots and splices 
300 |a 64 p 
942 |c BK 
945 |d 20011221 00:00:00  |a cmena 
260 |a Camden  |b International Marine  |c 1953 
650 7 |a NUDOS - MANIOBRAS NAUTICAS  |2 CL-VaPUC  |9 466229 
650 7 |a EMPALME DE CUERDAS - MANIOBRAS NAUTICAS  |2 CL-VaPUC  |9 466230 
583 |a last modification  |c 20171115 10:25:29  |k Rodrigo Vera 
999 |c 298954  |d 298952